[Event "Condom op 19th"]
[Site "Condom"]
[Date "2022.07.12"]
[Round "5"]
[White "Cabarcos Baulina, Manuel"]
[Black "Wittmann, Paul1111"]
[Result "1-0"]
[WhiteElo "1758"]
[BlackElo "1257"]
[PlyCount "53"]
[EventDate "2022.07.09"]
[EventType "swiss"]
[EventRounds "9"]
[EventCountry "FRA"]
[SourceTitle "CBM 209 Extra"]
[Source "ChessBase"]
[SourceDate "2022.09.30"]
[SourceVersion "1"]
[SourceVersionDate "2022.09.30"]
[SourceQuality "1"]

1. d4 Nf6 2. Bf4 g6 3. Nc3 Bg7 4. e4 d6 5. Qd2 0-0 6. 0-0-0 c6 7. f3 b5 8. Bh6 a5 9. h4 a4 10. Bxg7 Kxg7 11. g4 b4 12. Nce2 Qb6 13. h5 b3 14. hxg6 Rh8 15. Qh6+ Kg8 16. gxf7+ Kxf7 17. cxb3 axb3 18. a3 Be6 19. g5 Nbd7 20. gxf6 Nxf6 21. Nh3 Rxa3 22. Ng5+ Ke8 23. Nxe6 Ra1+ 24. Kd2 Qa5+ 25. Nc3 Rxd1+ 26. Kxd1 Qa1+ 27. Qc1 1-0